The Pacific Ocean by Letter - A - Statistics

General Stats
  • This quiz has been taken 74 times
  • The average score is 12 of 20
Answer Stats
Hint Answer % Correct
Northernmost US state Alaska
95%
Biggest city in ^ Auckland
95%
Sometimes considered to be a continent Australia
92%
Borders this ocean at Cape Horn Atlantic Ocean
89%
Biggest city in ^ Anchorage
86%
Largest city of Samoa Apia
81%
Prison known as "The Rock" Alcatraz
78%
Mexican city famous for its beach resorts and cliff divers Acapulco
76%
A ring-shaped coral reef Atoll
76%
Long island chain belonging to the US and Russia Aleutians
59%
Island group Archipelago
59%
Highest mountain range in the "Ring of Fire" Andes
57%
Territory southeast of Samoa American Samoa
49%
Capital of the Pitcairn Islands Adamstown
43%
Capital of Niue Alofi
35%
Capital of the Cook Islands Avarua
32%
Māori name for New Zealand Aotearoa
19%
Easternmost town in Russia Anadyr
16%
Also known as the 180th meridian Antimeridian
14%
City on Santa Catalina Island, California Avalon
14%
No matching quizzes found
Score Distribution
Percent of People with Each Score
Percentile by Number Answered
Your Score History
You have not taken this quiz